000 00418nam a2200169Ia 4500
003 GCL
008 140319s9999 xx 000 0 eng d
040 _aGCL /
_cGCL
082 0 4 _aCH
_b823.087
_bC W
100 1 _aQ'NEILL, P. G.
245 1 0 _aWHAT CATY DID NEXT ? /
_cQ'NEILL, P. G.
260 _a[S.N] :
_bPETER HODDOCK PUBLISHING
300 _a190
650 0 4 _aLITERATURE
650 0 4 _aFICTION
942 _2ddc
_cBK
999 _c17929
_d17929